[Event "IITU Masters 2019"]
[Site "Almaty"]
[Date "2019.02.21"]
[Round "2.3"]
[White "Igambergenov, Alibek"]
[Black "Zhalmakhanov, Ramazan"]
[Result "0-1"]
[WhiteElo "2309"]
[BlackElo "2324"]
[Annotator "NA"]
[PlyCount "68"]
[EventDate "2019.02.20"]
[EventType "tourn"]
[EventCountry "KAZ"]
[SourceTitle "playchess.com"]
[Source "ChessBase"]
[SourceQuality "1"]
[TimeControl "5400+30"]

1. Nf3 {[%emt 0:00:00]} c5 {[%emt 0:00:00]} 2. c4 {[%emt 0:00:00]} Nc6 {[%emt 0:00:00]} 3. Nc3 {[%emt 0:00:11]} g6 {[%emt 0:00:01]} 4. g3 {[%emt 0:00:51]} Bg7 {[%emt 0:00:08]} 5. Bg2 {[%emt 0:00:04]} e6 {[%emt 0:00:10]} 6. O-O {[%emt 0:00:09]} Nge7 {[%emt 0:00:30]} 7. d3 {[%emt 0:00:54]} O-O {[%emt 0:00:11]} 8. a3 {[%emt 0:00:16]} d5 {[%emt 0:06:13]} 9. cxd5 {[%emt 0:01:19]} exd5 {[%emt 0:00:15]} 10. Bg5 {[%emt 0:00:40]} h6 {[%emt 0:03:40]} 11. Bf4 {[%emt 0:01:10]} g5 {[%emt 0:14:11]} 12. Bd2 {[%emt 0:01:17]} Be6 {[%emt 0:00:14]} 13. e4 {[%emt 0:07:23]} dxe4 {[%emt 0:15:28]} 14. Nxe4 {[%emt 0:01:46]} g4 {[%emt 0:05:44]} 15. Nh4 {[%emt 0:02:04]} b6 {[%emt 0:00:19]} 16. Bc3 {[%emt 0:02:55]} Nd4 {[%emt 0:02:47]} 17. Re1 {[%emt 0:08:14]} Rc8 {[%emt 0:05:20]} 18. Nd2 {[%emt 0:03:52]} h5 {[%emt 0:15:42]} 19. Rc1 {[%emt 0:38:33]} Nec6 {[%emt 0:01:49]} 20. h3 Ne5 {[%emt 0:02:36]} 21. hxg4 {[%emt 0:12:29]} Nxd3 {[%emt 0:10:04]} 22. gxh5 {[%emt 0:00:10]} Nxe1 {[%emt 0:00:48]} 23. Qxe1 {[%emt 0:00:05]} Re8 {[%emt 0:00:32]} 24. Qd1 {[%emt 0:06:44]} Qd7 {[%emt 0:01:47]} 25. Kh2 {[%emt 0:00:08]} Bg4 {[%emt 0:01:25]} 26. f3 {[%emt 0:00:05]} Bxh5 {[%emt 0:02:10]} 27. Bh3 {[%emt 0:00:06]} Qd8 {[%emt 0:04:57]} 28. Bxc8 {[%emt 0:01:42]} Re2+ {[%emt 0:01:30]} 29. Kh1 {[%emt 0:10:20]} Qxc8 {[%emt 0:01:44]} 30. g4 {[%emt 0:00:01]} Bxg4 {[%emt 0:02:12]} 31. Bxd4 {[%emt 0:01:27]} Bxf3+ {[%emt 0:00:42]} 32. Ndxf3 {[%emt 0:00:01]} Qh3+ {[%emt 0:00:11]} 33. Kg1 {[%emt 0:00:03]} Bxd4+ {[%emt 0:00:09]} 34. Qxd4 {[%emt 0:00:46]} cxd4 {[%emt 0:00:11]} 0-1

[Event "IITU Masters 2019"]
[Site "Almaty"]
[Date "2019.02.21"]
[Round "2.4"]
[White "Khusenkhojaev, Muhammad"]
[Black "Askarov, Bakhtiyar"]
[Result "0-1"]
[WhiteElo "2441"]
[BlackElo "2425"]
[Annotator "TA"]
[PlyCount "87"]
[EventDate "2019.02.20"]
[EventType "tourn"]
[EventCountry "KAZ"]
[SourceTitle "playchess.com"]
[Source "ChessBase"]
[SourceQuality "1"]

{[%evp 18,87,36,35,60,41,56,29,21,11,27,12,19,0,0,-15,6,0,0,0,0,0,0,0,0,0,0,0,0,0,0,0,0,0,0,0,25,-4,-4,-4,-4,-3,-4,0,0,-20,-19,-23,-21,-21,-20,-23,-21,-21,-22,-21,-22,-32,-8,-8,-8,-1482,-1335,-1266,-1287,-1097,-1164,-1202,-1074,-1003,-995,-29991]} 1. d4 Nf6 2. c4 g6 3. Nf3 Bg7 4. g3 O-O 5. Bg2 d6 6. Nc3 Nbd7 7. O-O e5 8. Qc2 Re8 9. Rd1 exd4 10. Nxd4 ({Much weaker is} 10. Rxd4 Nc5 $15) 10... h6 {E67: King's Indian: Fianchetto: 6...Nbd7} (10... Nc5 11. h3 c6 12. b3 Qe7 13. Bb2 a5 14. a3 Bd7 15. Rd2 Nfe4 16. Nxe4 Nxe4 17. Rd3 Nc5 18. Re3 {1-0 (56) Mamedyarov,S (2736)-Bachmann,A (2593) Berlin 2015}) 11. b3 Qe7 12. Bb2 $146 ({Predecessor:} 12. Nd5 Qd8 13. Bb2 c6 14. Nf4 Qc7 15. b4 Ne5 16. Rac1 Qb6 17. b5 c5 18. Nb3 Bf5 19. Qd2 {½-½ (65) Velikov,P (2427)-Marholev,D (2308) Pamporovo 2001}) 12... c6 {White has an edge.} 13. e4 Nc5 {[%cal Rf6e4]} 14. f3 h5 15. Qd2 Nfd7 16. b4 Ne6 17. Nce2 Nb6 18. Rac1 d5 19. Nxe6 Bxb2 20. Qxb2 {[%csl Ge6][%cal Rb2g7]} Bxe6 21. exd5 cxd5 22. c5 Nc4 23. Qd4 a5 24. Nf4 axb4 25. Re1 Qg5 26. Re2 h4 (26... Na5 {seems wilder.} 27. Qxb4 Nc6 28. Qb2 h4 29. Nxe6 Rxe6 30. Rxe6 fxe6 31. f4 Qe7) 27. gxh4 (27. Rce1 {keeps more tension.} hxg3 28. Bh3 gxh2+ 29. Kh1 Qg3 30. Nxe6 Rxe6 31. Bxe6 Qxf3+ 32. Rg2) 27... Qxh4 28. Nxe6 {[%csl Ge6][%cal Rd4g7]} Qxd4+ 29. Nxd4 {aiming for Rxe8+.} Rxe2 30. Nxe2 Rxa2 31. Nd4 Nd2 32. Rc2 b3 $1 {[%cal Rb3c2]} 33. Rxa2 bxa2 34. Nc2 Nb3 35. f4 $1 d4 36. Bf1 $1 Nxc5 37. Na1 d3 {[%mdl 1024] Black has compensation.} 38. Kf2 b5 {[%cal Bb7b5,Bb5b4][%mdl 32] White must now prevent ...b4.} 39. Ke3 $2 {[%mdl 8192]} (39. Bg2 $11) 39... b4 $19 {Black is clearly winning.} 40. Kd4 b3 41. Kc3 {[#]} d2 $1 {[%mdl 512]} 42. Be2 {[#]} (42. Kxd2 b2) 42... Nd3 $1 {[%mdl 512] Hoping for ...b2.} 43. Nxb3 (43. Kxd3 b2) 43... Nc1 {Threatens to win with ...Nxb3.} 44. Kd4 {Accuracy: White = 57%, Black = 82%.} 0-1

[Event "IITU Masters 2019"]
[Site "Almaty"]
[Date "2019.02.21"]
[Round "2.5"]
[White "Daurimbetov, A."]
[Black "Mezentsev, Ivan"]
[Result "1-0"]
[WhiteElo "2287"]
[BlackElo "2298"]
[Annotator "NA"]
[PlyCount "81"]
[EventDate "2019.02.20"]
[EventType "tourn"]
[EventCountry "KAZ"]
[SourceTitle "playchess.com"]
[Source "ChessBase"]
[SourceQuality "1"]
[TimeControl "5400+30"]

1. e4 {[%emt 0:03:07]} e5 {[%emt 0:00:00]} 2. Nf3 {[%emt 0:00:08]} Nc6 {[%emt 0:00:29]} 3. Bc4 {[%emt 0:00:06]} Bc5 {[%emt 0:00:12]} 4. b4 {[%emt 0:00:05]} Bxb4 {[%emt 0:01:50]} 5. c3 {[%emt 0:00:02]} Ba5 {[%emt 0:00:30]} 6. d4 {[%emt 0:00:06]} d6 {[%emt 0:00:46]} 7. Qb3 {[%emt 0:00:15]} Qd7 {[%emt 0:06:10]} 8. dxe5 {[%emt 0:05:00]} Bb6 {[%emt 0:06:47]} 9. exd6 {[%emt 0:01:48]} Na5 {[%emt 0:12:12]} 10. Qb5 {[%emt 0:07:08]} Nxc4 {[%emt 0:07:25]} 11. Qxc4 {[%emt 0:00:06]} cxd6 {[%emt 0:05:21]} 12. Ba3 {[%emt 0:01:37]} Nf6 {[%emt 0:01:30]} 13. O-O {[%emt 0:01:13]} Qe6 {[%emt 0:03:52]} 14. Nbd2 {[%emt 0:00:30]} Bc5 {[%emt 0:01:55]} 15. e5 {[%emt 0:11:42]} Bxa3 {[%emt 0:04:29]} 16. Qa4+ {[%emt 0:04:22]} Bd7 {[%emt 0:02:58]} 17. Qxa3 {[%emt 0:00:02]} dxe5 {[%emt 0:01:47]} 18. Rfe1 {[%emt 0:01:24]} Qe7 {[%emt 0:02:00]} 19. Rxe5 {[%emt 0:01:17]} Be6 {[%emt 0:00:03]} 20. Qa4+ {[%emt 0:00:53]} Qd7 {[%emt 0:00:39]} 21. Qb4 {[%emt 0:04:59]} O-O-O {[%emt 0:09:00]} 22. Ra5 {[%emt 0:06:51]} b6 {[%emt 0:04:47]} 23. Ra3 {[%emt 0:10:58]} Nd5 {[%emt 0:01:28]} 24. Qe4 {[%emt 0:05:14]} Kb8 {[%emt 0:03:25]} 25. Ne5 {[%emt 0:12:22]} Qc7 {[%emt 0:00:43]} 26. Ndf3 {[%emt 0:04:16]} Bc8 {[%emt 0:09:32]} 27. Nd4 {[%emt 0:00:39]} Bb7 {[%emt 0:00:14]} 28. Rxa7 {[%emt 0:02:06]} Qxc3 {[%emt 0:08:56]} 29. Rb1 {[%emt 0:10:41]} Qc5 {[%emt 0:01:57]} 30. Nb5 {[%emt 0:02:18]} f5 {[%emt 0:01:26]} 31. Qa4 {[%emt 0:00:21]} Nc7 {[%emt 0:01:57]} 32. Rxb7+ {[%emt 0:01:06]} Kxb7 {[%emt 0:00:04]} 33. Qa7+ {[%emt 0:00:25]} Kc8 {[%emt 0:00:00]} 34. Nxc7 {[%emt 0:01:06]} Qxe5 {[%emt 0:00:51]} 35. Na8 {[%emt 0:00:32]} Rd2 {[%emt 0:01:32]} 36. Nxb6+ {[%emt 0:01:15]} Kd8 {[%emt 0:00:03]} 37. Nc4 {[%emt 0:00:15]} Rb2 {[%emt 0:01:04]} 38. Nxb2 {[%emt 0:00:20]} Re8 {[%emt 0:00:15]} 39. Nd3 {[%emt 0:00:12]} Qc7 {[%emt 0:00:35]} 40. Rb8+ {[%emt 0:00:17]} Kd7 {[%emt 0:00:08]} 41. Qxc7+ 1-0

[Event "IITU Masters 2019"]
[Site "Almaty"]
[Date "2019.02.22"]
[Round "3.1"]
[White "Mezentsev, Ivan"]
[Black "Markov, Mikhail"]
[Result "1/2-1/2"]
[WhiteElo "2298"]
[BlackElo "2368"]
[Annotator "NA"]
[PlyCount "134"]
[EventDate "2019.02.20"]
[EventType "tourn"]
[EventCountry "KAZ"]
[SourceTitle "playchess.com"]
[Source "ChessBase"]
[SourceQuality "1"]
[TimeControl "5400+30"]

1. e4 {[%emt 0:00:00]} c5 {[%emt 0:05:23]} 2. Nf3 {[%emt 0:00:12]} e6 {[%emt 0:01:21]} 3. Nc3 {[%emt 0:01:42]} a6 {[%emt 0:00:14]} 4. d4 {[%emt 0:00:53]} cxd4 {[%emt 0:00:05]} 5. Nxd4 {[%emt 0:00:05]} Qc7 {[%emt 0:00:04]} 6. a3 {[%emt 0:09:09]} b5 {[%emt 0:03:48]} 7. Bd3 {[%emt 0:04:54]} Nf6 {[%emt 0:01:54]} 8. Nb3 {[%emt 0:05:11]} Bb7 {[%emt 0:04:04]} 9. Qe2 {[%emt 0:06:33]} Nc6 {[%emt 0:09:11]} 10. Be3 {[%emt 0:09:59]} Ne5 {[%emt 0:01:51]} 11. f4 {[%emt 0:02:40]} Nc4 {[%emt 0:00:27]} 12. Bxc4 {[%emt 0:09:01]} bxc4 {[%emt 0:04:07]} 13. Nd2 {[%emt 0:00:09]} Rc8 {[%emt 0:02:45]} 14. O-O {[%emt 0:01:07]} Bc5 {[%emt 0:10:24]} 15. Kh1 {[%emt 0:10:41]} Bxe3 {[%emt 0:06:30]} 16. Qxe3 {[%emt 0:01:03]} d6 {[%emt 0:00:17]} 17. e5 {[%emt 0:06:58]} Nd5 {[%emt 0:09:55]} 18. Qg3 {[%emt 0:00:38]} O-O {[%emt 0:05:35]} 19. Nce4 {[%emt 0:00:48]} dxe5 {[%emt 0:00:10]} 20. fxe5 {[%emt 0:00:42]} c3 {[%emt 0:01:56]} 21. bxc3 {[%emt 0:00:37]} Nxc3 {[%emt 0:00:23]} 22. Nf6+ {[%emt 0:05:41]} Kh8 {[%emt 0:02:48]} 23. Nh5 {[%emt 0:00:54]} f5 {[%emt 0:03:37]} 24. exf6 {[%emt 0:03:32]} gxf6 {[%emt 0:01:26]} 25. Nxf6 {[%emt 0:02:13]} Qxg3 {[%emt 0:04:26]} 26. hxg3 {[%emt 0:00:06]} Ne2 {[%emt 0:02:24]} 27. Nh5 {[%emt 0:03:41]} Rg8 {[%emt 0:04:30]} 28. Rf7 {[%emt 0:01:03]} Rg5 {[%emt 0:01:14]} 29. Nf6 {[%emt 0:03:51]} Rg7 {[%emt 0:00:05]} 30. Rxg7 {[%emt 0:00:46]} Kxg7 {[%emt 0:00:02]} 31. Rb1 {[%emt 0:06:20]} Kxf6 {[%emt 0:02:55]} 32. Rxb7 {[%emt 0:00:09]} Rxc2 {[%emt 0:00:12]} 33. Nf3 {[%emt 0:00:50]} Nxg3+ {[%emt 0:00:12]} 34. Kh2 {[%emt 0:00:03]} Nf1+ {[%emt 0:01:03]} 35. Kh3 {[%emt 0:00:40]} Ne3 {[%emt 0:00:09]} 36. Rxh7 {[%emt 0:00:33]} Nxg2 {[%emt 0:00:35]} 37. Ra7 {[%emt 0:00:31]} Nf4+ {[%emt 0:02:33]} 38. Kg4 {[%emt 0:00:16]} Ng6 {[%emt 0:01:13]} 39. Rxa6 {[%emt 0:00:22]} Rg2+ {[%emt 0:00:08]} 40. Kh3 {[%emt 0:00:46]} Nf4+ {[%emt 0:00:06]} 41. Kh4 {[%emt 0:00:05]} Ne2 {[%emt 0:02:22]} 42. Ng5 {[%emt 0:02:06]} Kf5 {[%emt 0:00:18]} 43. Ra5+ {[%emt 0:01:48]} e5 {[%emt 0:01:36]} 44. Nf3 {[%emt 0:01:48]} Kf4 {[%emt 0:00:26]} 45. Rxe5 {[%emt 0:00:22]} Nd4 {[%emt 0:00:34]} 46. Re8 {[%emt 0:00:41]} Nf5+ {[%emt 0:01:19]} 47. Kh3 {[%emt 0:00:32]} Kxf3 {[%emt 0:00:13]} 48. Rf8 {[%emt 0:00:21]} Rg5 {[%emt 0:00:04]} 49. Kh2 {[%emt 0:00:06]} Kf2 {[%emt 0:00:31]} 50. Kh3 {[%emt 0:00:26]} Kf3 {[%emt 0:00:21]} 51. Kh2 {[%emt 0:00:06]} Ke3 {[%emt 0:01:14]} 52. Kh3 {[%emt 0:01:03]} Rg3+ {[%emt 0:00:43]} 53. Kh2 {[%emt 0:00:06]} Rf3 {[%emt 0:00:06]} 54. Rc8 {[%emt 0:00:48]} Rf4 {[%emt 0:00:14]} 55. Kg2 {[%emt 0:00:39]} Rg4+ {[%emt 0:00:08]} 56. Kh3 {[%emt 0:00:36]} Rg3+ {[%emt 0:00:06]} 57. Kh2 {[%emt 0:00:03]} Rg5 {[%emt 0:00:04]} 58. Rb8 {[%emt 0:01:24]} Nd4 {[%emt 0:00:41]} 59. a4 {[%emt 0:00:24]} Ne2 {[%emt 0:00:49]} 60. Kh3 {[%emt 0:00:21]} Ng3 {[%emt 0:02:38]} 61. Kh4 {[%emt 0:00:26]} Ne4 {[%emt 0:00:23]} 62. a5 {[%emt 0:00:43]} Rg6 {[%emt 0:00:58]} 63. Rb6 {[%emt 0:00:20]} Rg8 {[%emt 0:00:31]} 64. Rb7 {[%emt 0:00:18]} Nd6 {[%emt 0:00:16]} 65. Rb6 {[%emt 0:00:42]} Kf4 {[%emt 0:00:49]} 66. Rb4+ {[%emt 0:00:33]} Ne4 {[%emt 0:00:35]} 67. Kh5 {[%emt 0:00:13]} Kf3 1/2-1/2

[Event "IITU Masters 2019"]
[Site "Almaty"]
[Date "2019.02.22"]
[Round "3.2"]
[White "Askarov, Bakhtiyar"]
[Black "Daurimbetov, A."]
[Result "1-0"]
[WhiteElo "2425"]
[BlackElo "2287"]
[Annotator "NA"]
[PlyCount "109"]
[EventDate "2019.02.20"]
[EventType "tourn"]
[EventCountry "KAZ"]
[SourceTitle "playchess.com"]
[Source "ChessBase"]
[SourceQuality "1"]
[TimeControl "5400+30"]

1. c4 {[%emt 0:00:00]} c6 {[%emt 0:00:16]} 2. Nf3 {[%emt 0:06:19]} Nf6 {[%emt 0:00:52]} 3. Nc3 {[%emt 0:01:48]} d5 {[%emt 0:00:19]} 4. e3 {[%emt 0:03:44]} a6 {[%emt 0:00:28]} 5. Qb3 {[%emt 0:08:52]} e6 {[%emt 0:23:26]} 6. d4 {[%emt 0:07:51]} b5 {[%emt 0:02:21]} 7. c5 {[%emt 0:00:10]} Nbd7 {[%emt 0:00:58]} 8. a4 {[%emt 0:01:31]} Rb8 {[%emt 0:01:09]} 9. axb5 {[%emt 0:01:16]} axb5 {[%emt 0:00:16]} 10. Be2 {[%emt 0:01:19]} Be7 {[%emt 0:04:10]} 11. O-O {[%emt 0:00:14]} O-O {[%emt 0:00:02]} 12. Bd2 {[%emt 0:01:58]} Ne4 {[%emt 0:01:45]} 13. Nxe4 {[%emt 0:01:28]} dxe4 {[%emt 0:00:07]} 14. Ba5 {[%emt 0:00:05]} Qe8 {[%emt 0:02:57]} 15. Nd2 {[%emt 0:00:31]} e5 {[%emt 0:01:01]} 16. Nxe4 {[%emt 0:02:56]} exd4 {[%emt 0:00:37]} 17. exd4 {[%emt 0:00:07]} Bxc5 {[%emt 0:01:44]} 18. Bf3 {[%emt 0:02:12]} Bxd4 {[%emt 0:03:29]} 19. Bc7 {[%emt 0:00:06]} Bb7 {[%emt 0:08:05]} 20. Nd6 {[%emt 0:00:49]} Qe7 {[%emt 0:02:23]} 21. Rae1 {[%emt 0:04:15]} Ne5 {[%emt 0:02:43]} 22. Bxb8 {[%emt 0:00:41]} Rxb8 {[%emt 0:00:33]} 23. Nf5 {[%emt 0:00:41]} Qd7 {[%emt 0:02:08]} 24. Nxd4 {[%emt 0:00:44]} Qxd4 {[%emt 0:00:07]} 25. Re4 {[%emt 0:02:23]} Qd5 {[%emt 0:09:49]} 26. Qxd5 {[%emt 0:04:22]} Nxf3+ {[%emt 0:00:03]} 27. gxf3 {[%emt 0:00:10]} cxd5 {[%emt 0:00:01]} 28. Rb4 {[%emt 0:01:31]} Bc6 {[%emt 0:00:52]} 29. Ra1 {[%emt 0:07:22]} h6 {[%emt 0:02:36]} 30. Ra7 {[%emt 0:01:50]} d4 {[%emt 0:04:09]} 31. Ra3 {[%emt 0:00:38]} Rd8 {[%emt 0:04:38]} 32. Rd3 {[%emt 0:00:22]} Bxf3 {[%emt 0:00:52]} 33. Rbxd4 {[%emt 0:00:39]} Rxd4 {[%emt 0:01:44]} 34. Rxd4 {[%emt 0:00:06]} Kf8 {[%emt 0:01:01]} 35. Rd7 {[%emt 0:02:29]} g5 {[%emt 0:03:11]} 36. b4 {[%emt 0:02:21]} Kg7 {[%emt 0:01:36]} 37. Rd6 {[%emt 0:01:03]} h5 {[%emt 0:01:43]} 38. h4 {[%emt 0:03:17]} f6 {[%emt 0:02:27]} 39. Kh2 {[%emt 0:01:07]} gxh4 {[%emt 0:00:55]} 40. Rb6 {[%emt 0:02:47]} Be2 {[%emt 0:00:13]} 41. Rc6 {[%emt 0:01:36]} Kg6 {[%emt 0:00:33]} 42. Rc5 {[%emt 0:00:19]} Bf1 {[%emt 0:01:20]} 43. Kg1 {[%emt 0:00:04]} Bd3 {[%emt 0:00:50]} 44. Kg2 {[%emt 0:00:15]} Be2 {[%emt 0:05:02]} 45. Kh3 {[%emt 0:00:10]} Kf7 {[%emt 0:00:27]} 46. Kxh4 {[%emt 0:01:31]} Ke6 {[%emt 0:00:09]} 47. Rc2 {[%emt 0:04:06]} Bd3 {[%emt 0:01:37]} 48. Rc6+ {[%emt 0:01:27]} Kd5 {[%emt 0:00:30]} 49. Rxf6 {[%emt 0:01:23]} Kc4 {[%emt 0:00:47]} 50. Rf4+ {[%emt 0:01:15]} Kc3 {[%emt 0:00:02]} 51. Rf3 {[%emt 0:00:19]} Kc4 {[%emt 0:00:16]} 52. Rxd3 {[%emt 0:00:15]} Kxd3 {[%emt 0:00:20]} 53. Kxh5 {[%emt 0:00:07]} Kc4 {[%emt 0:01:07]} 54. f4 {[%emt 0:00:07]} Kxb4 {[%emt 0:00:04]} 55. f5 {[%emt 0:00:06]} 1-0

[Event "IITU Masters 2019"]
[Site "Almaty"]
[Date "2019.02.22"]
[Round "3.3"]
[White "Zhalmakhanov, Ramazan"]
[Black "Khusenkhojaev, Muhammad"]
[Result "1/2-1/2"]
[WhiteElo "2324"]
[BlackElo "2441"]
[Annotator "NA"]
[PlyCount "60"]
[EventDate "2019.02.20"]
[EventType "tourn"]
[EventCountry "KAZ"]
[SourceTitle "playchess.com"]
[Source "ChessBase"]
[SourceQuality "1"]
[TimeControl "5400+30"]

1. Nc3 {[%emt 0:00:00]} d5 {[%emt 0:06:08]} 2. e4 {[%emt 0:00:00]} dxe4 {[%emt 0:00:48]} 3. Nxe4 {[%emt 0:00:03]} Nd7 {[%emt 0:01:09]} 4. d4 {[%emt 0:03:17]} Ngf6 {[%emt 0:00:08]} 5. Nxf6+ {[%emt 0:01:20]} Nxf6 {[%emt 0:00:06]} 6. Nf3 {[%emt 0:00:48]} Bg4 {[%emt 0:03:19]} 7. c3 {[%emt 0:04:28]} e6 {[%emt 0:01:24]} 8. Be2 {[%emt 0:04:09]} Bd6 {[%emt 0:00:20]} 9. O-O {[%emt 0:00:38]} O-O {[%emt 0:00:14]} 10. Bg5 {[%emt 0:05:19]} h6 {[%emt 0:00:17]} 11. Bh4 {[%emt 0:03:44]} c5 {[%emt 0:04:09]} 12. dxc5 {[%emt 0:15:43]} Bxc5 {[%emt 0:00:07]} 13. Ne5 {[%emt 0:07:50]} Qxd1 {[%emt 0:03:02]} 14. Bxd1 {[%emt 0:00:11]} Bxd1 {[%emt 0:00:09]} 15. Raxd1 {[%emt 0:00:15]} g5 {[%emt 0:00:18]} 16. Bg3 {[%emt 0:00:06]} Rfd8 {[%emt 0:00:16]} 17. Rfe1 {[%emt 0:01:18]} Rac8 {[%emt 0:07:12]} 18. Kf1 {[%emt 0:04:48]} Nh5 {[%emt 0:02:56]} 19. Ke2 {[%emt 0:12:55]} f6 {[%emt 0:02:43]} 20. Nd3 {[%emt 0:02:45]} Bb6 {[%emt 0:00:50]} 21. Rd2 {[%emt 0:01:22]} Kf7 {[%emt 0:05:55]} 22. Red1 {[%emt 0:00:47]} Ke7 {[%emt 0:04:09]} 23. f3 {[%emt 0:01:42]} Nxg3+ {[%emt 0:01:00]} 24. hxg3 {[%emt 0:00:03]} h5 {[%emt 0:00:07]} 25. Rh1 {[%emt 0:01:28]} Rh8 {[%emt 0:00:25]} 26. Nf2 {[%emt 0:00:06]} Bc7 {[%emt 0:14:21]} 27. Rhd1 {[%emt 0:02:39]} Rcd8 {[%emt 0:01:00]} 28. Rxd8 {[%emt 0:00:17]} Bxd8 {[%emt 0:00:57]} 29. Ne4 {[%emt 0:00:54]} b6 {[%emt 0:01:46]} 30. f4 {[%emt 0:09:38]} gxf4 {[%emt 0:10:45]} 1/2-1/2

[Event "IITU Masters 2019"]
[Site "Almaty"]
[Date "2019.02.22"]
[Round "3.4"]
[White "Rakhimzhan, Alen"]
[Black "Igambergenov, Alibek"]
[Result "1-0"]
[WhiteElo "2320"]
[BlackElo "2309"]
[Annotator "NA"]
[PlyCount "53"]
[EventDate "2019.02.20"]
[EventType "tourn"]
[EventCountry "KAZ"]
[SourceTitle "playchess.com"]
[Source "ChessBase"]
[SourceQuality "1"]
[TimeControl "5400+30"]

1. d4 {[%emt 0:00:00]} d6 {[%emt 0:10:56]} 2. Nf3 {[%emt 0:01:04]} f5 {[%emt 0:00:06]} 3. g3 {[%emt 0:02:04]} Nf6 {[%emt 0:00:15]} 4. Bg2 {[%emt 0:00:09]} g6 {[%emt 0:00:04]} 5. O-O {[%emt 0:00:10]} Bg7 {[%emt 0:00:02]} 6. c4 {[%emt 0:00:13]} O-O {[%emt 0:00:05]} 7. Nc3 {[%emt 0:00:12]} Qe8 {[%emt 0:00:08]} 8. Re1 {[%emt 0:00:21]} e5 {[%emt 0:07:16]} 9. dxe5 {[%emt 0:00:25]} dxe5 {[%emt 0:00:02]} 10. e4 {[%emt 0:00:10]} fxe4 {[%emt 0:08:22]} 11. Ng5 {[%emt 0:01:12]} Bg4 {[%emt 0:06:36]} 12. Qb3 {[%emt 0:07:36]} Nc6 {[%emt 0:03:33]} 13. Be3 {[%emt 0:07:16]} Kh8 {[%emt 0:30:05]} 14. Ngxe4 {[%emt 0:08:06]} Nxe4 {[%emt 0:01:27]} 15. Nxe4 {[%emt 0:00:18]} Rb8 {[%emt 0:01:57]} 16. Bc5 {[%emt 0:04:45]} Nd4 {[%emt 0:06:54]} 17. Qe3 {[%emt 0:15:08]} Nf3+ {[%emt 0:08:18]} 18. Kh1 {[%emt 0:00:58]} Nxe1 {[%emt 0:00:26]} 19. Bxf8 {[%emt 0:00:10]} Nc2 {[%emt 0:08:19]} 20. Bxg7+ {[%emt 0:00:53]} Kxg7 {[%emt 0:00:01]} 21. Qg5 {[%emt 0:00:13]} Nxa1 {[%emt 0:00:33]} 22. Qf6+ {[%emt 0:00:42]} Kh6 {[%emt 0:00:20]} 23. Ng5 {[%emt 0:06:58]} Rd8 {[%emt 0:00:09]} 24. h3 {[%emt 0:05:07]} Rd7 {[%emt 0:01:15]} 25. hxg4 {[%emt 0:00:30]} e4 {[%emt 0:02:40]} 26. Bxe4 {[%emt 0:00:40]} Qe7 {[%emt 0:02:19]} 27. Nf7+ {[%emt 0:00:21]} 1-0

[Event "IITU Masters 2019"]
[Site "Almaty"]
[Date "2019.02.22"]
[Round "3.5"]
[White "Zubarev, Alexander"]
[Black "Tologontegin, Semetey"]
[Result "1-0"]
[WhiteElo "2494"]
[BlackElo "2372"]
[Annotator "TA"]
[PlyCount "131"]
[EventDate "2019.02.20"]
[EventType "tourn"]
[EventCountry "KAZ"]
[SourceTitle "playchess.com"]
[Source "ChessBase"]
[SourceQuality "1"]

{[%evp 16,131,27,18,74,54,78,76,104,118,166,156,159,138,385,383,383,382,396,403,368,382,391,398,384,387,395,396,391,383,390,387,379,377,356,95,97,98,98,98,113,106,115,113,113,109,115,81,83,87,158,152,152,152,152,150,148,89,95,54,72,18,52,52,52,52,222,222,206,152,240,185,161,143,686,481,517,420,420,420,420,89,130,0,420,420,420,420,29965,29966,29966,29967,29966,29967,29970,29972,29975,29976,29977,29978,29978,29979,29979,29980,29980,29981,29981,29980,29980,29981,29981,29982,29989,29990,29991,29991,29994,29991]} 1. e4 c5 2. Nf3 e6 3. d4 cxd4 4. Nxd4 a6 5. Be2 Qc7 6. O-O Nc6 7. Nc3 b5 8. Nxc6 dxc6 9. f4 b4 {B47: Sicilian: Taimanov: 5 Nc3 Qc7 6 f4, 6 g3 and 6 Be2} (9... Bb7 $11 {keeps the balance.}) (9... Bb7 10. e5 Nh6 11. Be3 Nf5 12. Bf2 Rd8 13. Bd3 c5 14. Qe2 Be7 15. Be4 Nd4 16. Bxd4 cxd4 17. Nd1 Bxe4 18. Qxe4 {½-½ (66) Ter Sahakyan,S (2572)-Grachev,B (2675) Yerevan 2014}) 10. Na4 $16 c5 11. c3 $146 ({Predecessor:} 11. b3 Bb7 12. Bf3 Nf6 13. Qe1 Be7 14. e5 Nd5 15. c4 Nb6 16. Bxb7 Qxb7 17. Nxb6 Qxb6 {½-½ (17) Budde,V (2267)-Gerusel,M (2238) Germany 2010}) 11... Nf6 {White is better.} 12. cxb4 Nxe4 13. Be3 Bb7 14. bxc5 Nxc5 $2 (14... Rd8 $16 15. Qc2 Be7) 15. Rc1 $18 Rd8 16. Qc2 $1 Qc6 {[%csl Gb7][%cal Rc6g2]} 17. Bf3 Qxa4 18. Qxa4+ ({Weaker is} 18. Bxc5 Qxc2 19. Rxc2 Bxc5+ 20. Rxc5 Bxf3 $11) 18... Nxa4 19. Bxb7 Nxb2 20. Bxa6 Nd3 21. Bb5+ Ke7 22. Rc7+ Kf6 23. Rd1 Bd6 24. Rc6 $1 Bxf4 25. Rxd3 $2 (25. Bb6 $18 {is the precise move to win.}) 25... Rxd3 $16 26. Bxf4 Ra3 27. Rc2 Rha8 28. Bc4 $1 Rc8 {White must now prevent ...Ra4.} 29. Rf2 Kg6 30. Bb3 Rc3 31. Rf3 Rxf3 32. gxf3 f5 (32... Kh5 $142) 33. Kf2 Kf6 34. Bc1 Ra6 35. Bb2+ Kf7 36. Bd4 (36. h4 $142) 36... g5 37. a4 h5 38. Bc3 ({White should try} 38. h3 $16) 38... Rb6 39. Bd1 $1 Rc6 40. Bd2 Rd6 $2 (40... Rb6 $14) 41. Ke1 $1 $18 g4 42. a5 $1 e5 (42... Rd3 $16) 43. fxg4 hxg4 44. Be2 $1 {[%cal Re2c4]} Rd4 $2 {[%mdl 8192]} (44... Ke6 $16) 45. Bc3 Ra4 46. a6 Kf6 47. Bb5 $1 {[%cal Rb5a4]} Ra2 48. Bc4 $2 (48. Bb4 $1 $18 {and the rest is easy.}) 48... Ra4 $16 49. Bb5 $2 {[%mdl 8192]} (49. Bd3 $1 $16) 49... Ra2 $18 50. Bb4 $1 f4 {[#] Now ...e4 and Black clings on.} 51. Bc5 $1 e4 (51... Ra1+ $18 52. Kd2 Ra2+ 53. Kd3 Kg5) 52. a7 {White mates.} Ra1+ 53. Ke2 Ra2+ {[#]} 54. Kd1 $1 e3 55. Bd4+ Kg5 56. Bc6 Kh4 57. a8=Q Rxa8 58. Bxa8 Kh3 59. Ke2 f3+ 60. Kxe3 Kxh2 61. Be5+ Kg1 62. Kf4 f2 63. Bd4 Kh2 64. Bxf2 Kh3 65. Bd5 g3 66. Be6+ {Accuracy: White = 67%, Black = 39%.} 1-0